000 00281nam a2200121Ia 4500
008 240624s9999 xx 000 0 und d
041 _aeng
082 _a658 HBR
100 _aHBR
245 _aHBR S 10 MUST READS 2015 THE DEFINITIVE
260 _c2015
_aBoston
_bHBR
365 _cRS
999 _c27134
_d27134